Library Banner

اردو ادب کے مغربی دریچے (Record no. 73525)

MARC details
000 -LEADER
fixed length control field 00431nam a22001457a 4500
005 - DATE AND TIME OF LATEST TRANSACTION
control field 20150803143645.0
008 - FIXED-LENGTH DATA ELEMENTS--GENERAL INFORMATION
fixed length control field 150803b xxu||||| |||| 00| 0 eng d
040 ## - CATALOGING SOURCE
Transcribing agency PK-LaUMT
082 ## - DEWEY DECIMAL CLASSIFICATION NUMBER
Classification number KHC 891.4393
Item number NAZ-U
100 ## - MAIN ENTRY--PERSONAL NAME
Personal name نظیرصدیقی
245 ## - TITLE STATEMENT
Title اردو ادب کے مغربی دریچے
Statement of responsibility, etc نظیرصدیقی
260 ## - PUBLICATION, DISTRIBUTION, ETC. (IMPRINT)
Place of publication, distribution, etc اسلام آباد
Name of publisher, distributor, etc نیشنل بک فاونڈیشن
Date of publication, distribution, etc 1983
300 ## - PHYSICAL DESCRIPTION
Extent 222 ص
942 ## - ADDED ENTRY ELEMENTS (KOHA)
Koha item type Books
Holdings
Withdrawn status Lost status Damaged status Home library Current library Date acquired Full call number Barcode Date last seen Price effective from Koha item type
      UMT Main Campus UMT Main Campus 2015-08-03 KHC 891.4393 NAZ-U 70502 2015-08-03 2015-08-03 Books